My cup overflows : (Record no. 59370)

MARC details
000 -LEADER
fixed length control field 00707nam a22001817a 4500
008 - FIXED-LENGTH DATA ELEMENTS--GENERAL INFORMATION
fixed length control field 240806b ||||| |||| 00| 0 eng d
020 ## - INTERNATIONAL STANDARD BOOK NUMBER
International Standard Book Number 9788995490426
050 ## - LIBRARY OF CONGRESS CALL NUMBER
Classification number BX9225
Item number S64 2006
100 ## - MAIN ENTRY--PERSONAL NAME
Personal name Sohn, Dong-Hee.
245 ## - TITLE STATEMENT
Title My cup overflows :
Remainder of title an inspiring testimony of the martyrdom of the Reverend Yang- wŏn Son and his two sons /
260 ## - PUBLICATION, DISTRIBUTION, ETC. (IMPRINT)
Place of publication, distribution, etc Seoul :
Name of publisher, distributor, etc Daesung.com Co.,
Date of publication, distribution, etc ©2006.
300 ## - PHYSICAL DESCRIPTION
Extent 357 p. ;
Other physical details illustrations, map, portraits ;
Dimensions 23 cm
600 ## - SUBJECT ADDED ENTRY--PERSONAL NAME
Source of heading or term Sohn, Yang-Won.
650 ## - SUBJECT ADDED ENTRY--TOPICAL TERM
Topical term or geographic name as entry element Presbyterian Church -- Korea -- Clergy -- Biography.
650 ## - SUBJECT ADDED ENTRY--TOPICAL TERM
Topical term or geographic name as entry element Korea -- History -- Japanese occupation, 1910-1945 -- Personal narratives, Korean.
700 ## - ADDED ENTRY--PERSONAL NAME
Personal name Lawrence, Ava.
942 ## - ADDED ENTRY ELEMENTS (KOHA)
Source of classification or shelving scheme Library of Congress Classification
Item type Book
Holdings
Withdrawn status Lost status Source of classification or shelving scheme Damaged status Not for loan Collection code Home library Current library Shelving location Date acquired Source of acquisition Cost, normal purchase price Full call number Barcode Date last seen Copy number Price effective from Koha item type
    Library of Congress Classification     Non-fiction Joshua & Timothy School of Theology Library (JTSOT) Joshua & Timothy School of Theology Library (JTSOT) General Circulation 06/08/2024 Donation 2000.00 BX9225.S64 2006 068273 06/08/2024 1 06/08/2024 Book